Geography Quiz

Random Geography or Asia Quiz

Major seas east of Asia (with map) Quiz Stats

 Plays Quiz not verified by Sporcle

Score 0/10 Timer 03:00
0 Plays Today
% Correct
Sea of Japan
91.8%
South China Sea
88.6%
Bering Sea
70.1%
East China Sea
68.7%
Yellow Sea
67.1%
Java Sea
63.8%
Philippine Sea
59.3%
Sea of Okhotsk
42.1%
Celebes Sea
38.1%
Banda Sea
26.2%

You're not logged in!

Compare scores with friends on all Sporcle quizzes.
Join for Free
OR
Log In

You Might Also Like...

Show Comments

Extras

Top Quizzes Today


Score Distribution

Your Account Isn't Verified!

In order to create a playlist on Sporcle, you need to verify the email address you used during registration. Go to your Sporcle Settings to finish the process.

Report this User

Report this user for behavior that violates our Community Guidelines.

Details: